000 00551nam a2200157 i 4500
001 72449
003 ES-MaACL
005 20230906171436.0
007 t|
008 040901s1923 fr ||||1| fre d
100 1 _aGiraud, Victor.
_957245
245 1 0 _aMoralistes français
_b: Saint Francois de Sales. Moliere. Pascal. Bossuet. Montesquieu. Maisse de Birau. Joubert. Samennais. Sainté Beuve. Renau Bruntiere. Faguet /
_cVictor Giraud.
260 _a[Coulommiers :
_bP. Brodard],
_c1923.
300 _a238 p. ;
_c19 cm.
852 _aES-MaACL
_jF-5102
999 _c72449
_d72449